[Event "Bratto op-B 27th"]
[Site "Bratto"]
[Date "2007.08.27"]
[Round "4"]
[White "Buono, Valerio"]
[Black "Nepi, Ezio"]
[Result "0-1"]
[WhiteElo "1965"]
[BlackElo "1831"]
[PlyCount "48"]
[EventDate "2007.08.24"]
[EventType "swiss"]
[EventRounds "8"]
[EventCountry "ITA"]
[SourceTitle "CBM 120 Extra"]
[Source "ChessBase"]
[SourceDate "2007.11.01"]
[SourceVersion "1"]
[SourceVersionDate "2007.11.01"]
[SourceQuality "1"]

1. e4 e6 2. d4 d5 3. exd5 exd5 4. Bd3 Nc6 5. c3 Bd6 6. Nf3 Bg4 7. 0-0 Nge7 8. Bg5 Qd7 9. Nbd2 0-0-0 10. b4 Rde8 11. Nb3 f6 12. Bh4 Nf5 13. Bg3 Nxg3 14. hxg3 Nd8 15. a4 h5 16. Qc2 Bxf3 17. Bf5 Ne6 18. gxf3 Kb8 19. Rfe1 g6 20. Bxg6 Nf4 21. Rxe8+ Rxe8 22. Bxe8 Qh3 23. gxf4 Bxf4 24. Qg6 Bh2+ 0-1

[Event "Bratto op-B 27th"]
[Site "Bratto"]
[Date "2007.08.25"]
[Round "2"]
[White "Buono, Valerio"]
[Black "Acunzo, Domenico"]
[Result "1-0"]
[WhiteElo "1965"]
[BlackElo "1776"]
[PlyCount "39"]
[EventDate "2007.08.24"]
[EventType "swiss"]
[EventRounds "8"]
[EventCountry "ITA"]
[SourceTitle "CBM 120 Extra"]
[Source "ChessBase"]
[SourceDate "2007.11.01"]
[SourceVersion "1"]
[SourceVersionDate "2007.11.01"]
[SourceQuality "1"]

1. e4 e6 2. d4 d5 3. exd5 exd5 4. Bd3 c5 5. dxc5 Bxc5 6. Nf3 Nf6 7. h3 0-0 8. 0-0 Qd6 9. Nc3 a6 10. Re1 Nc6 11. Bg5 Nb4 12. a3 Nxd3 13. Qxd3 Bxh3 14. Ne5 Bc8 15. b4 Bb6 16. Nc4 Qc6 17. Nxb6 Qxb6 18. Bxf6 Qxf6 19. Nxd5 Qg6 20. Ne7+ 1-0

[Event "Bratto op-B 27th"]
[Site "Bratto"]
[Date "2007.08.24"]
[Round "1"]
[White "Chiarion, Elisa"]
[Black "Buono, Valerio"]
[Result "1/2-1/2"]
[WhiteElo "1814"]
[BlackElo "1965"]
[PlyCount "89"]
[EventDate "2007.08.24"]
[EventType "swiss"]
[EventRounds "8"]
[EventCountry "ITA"]
[SourceTitle "CBM 120 Extra"]
[Source "ChessBase"]
[SourceDate "2007.11.01"]
[SourceVersion "1"]
[SourceVersionDate "2007.11.01"]
[SourceQuality "1"]

1. e4 e5 2. Nf3 Nc6 3. Bc4 Be7 4. c3 Nf6 5. d3 d6 6. 0-0 0-0 7. Re1 h6 8. Nbd2 Nh7 9. Nf1 Ng5 10. h3 Na5 11. Bb5 a6 12. Ba4 b5 13. Bc2 f5 14. a4 c6 15. b4 Nxf3+ 16. Qxf3 fxe4 17. Qxe4 Bf5 18. Qe2 Nb7 19. Bb3+ Kh8 20. Ng3 Qd7 21. d4 Bf6 22. Nxf5 Qxf5 23. Bc2 Qd7 24. Qe4 g5 25. d5 c5 26. Qg4 Qg7 27. Qh5 cxb4 28. cxb4 e4 29. Ra3 Bd4 30. Re2 Qf6 31. Bxe4 Bxf2+ 32. Kh1 Bd4 33. Rf3 Qg7 34. h4 Rac8 35. Bxg5 Rxf3 36. Bxf3 Be5 37. Bxh6 Qh7 38. Bd2 Qxh5 39. Bxh5 bxa4 40. g4 a3 41. Bg5 Bb2 42. Kg2 a2 43. Bf6+ Bxf6 44. Rxa2 Bxh4 45. Rxa6 1/2-1/2

[Event "ITA-ch U20"]
[Site "Bratto"]
[Date "2005.08.23"]
[Round "4"]
[White "Massironi, Marco"]
[Black "Buono, Valerio"]
[Result "1-0"]
[WhiteElo "2122"]
[BlackElo "1977"]
[PlyCount "92"]
[EventDate "2005.08.20"]
[EventType "swiss"]
[EventRounds "9"]
[EventCountry "ITA"]
[SourceTitle "EXT 2006"]
[Source "ChessBase"]
[SourceDate "2005.11.24"]
[SourceVersion "1"]
[SourceVersionDate "2005.11.24"]
[SourceQuality "1"]

1. e4 e5 2. Nf3 Nc6 3. Bb5 a6 4. Ba4 Nf6 5. 0-0 b5 6. Bb3 Be7 7. Re1 d6 8. h3 0-0 9. c3 Na5 10. Bc2 c5 11. d4 Nc6 12. Nbd2 Re8 13. Nf1 h6 14. Ne3 Nh7 15. dxc5 dxc5 16. Nd5 Be6 17. Be3 Ra7 18. Nh2 Bf8 19. a4 Rd7 20. axb5 axb5 21. Qe2 Bxd5 22. exd5 Rxd5 23. Qxb5 Qc7 24. Be4 Rb8 25. Qa4 Rd6 26. Bxc5 Re6 27. Bxf8 Kxf8 28. Bxh7 g6 29. Qc2 Kg7 30. Bxg6 Rxg6 31. Qe2 f6 32. Ng4 Qc8 33. Kh1 Qb7 34. Qf3 h5 35. Ne3 Ne7 36. Qxb7 Rxb7 37. b4 f5 38. Ra5 f4 39. Nc4 Rc6 40. Raxe5 Rxc4 41. Rxe7+ Rxe7 42. Rxe7+ Kf6 43. Rh7 Rxc3 44. Rxh5 Rc1+ 45. Kh2 Rc2 46. f3 Rb2 1-0

[Event "ITA-ch U20"]
[Site "Porto San Giorgio"]
[Date "2004.08.28"]
[Round "9"]
[White "Procacci, Sergio"]
[Black "Buono, Valerio"]
[Result "1-0"]
[WhiteElo "1756"]
[BlackElo "1978"]
[PlyCount "175"]
[EventDate "2004.08.20"]
[EventType "swiss"]
[EventRounds "9"]
[EventCountry "ITA"]
[SourceTitle "EXT 2005"]
[Source "ChessBase"]
[SourceDate "2004.11.15"]
[SourceVersion "1"]
[SourceVersionDate "2004.11.15"]
[SourceQuality "1"]

1. c4 a6 2. Nc3 b6 3. Nf3 c6 4. g3 d6 5. Bg2 e6 6. d4 Bb7 7. e4 f6 8. 0-0 Be7 9. Be3 g5 10. d5 e5 11. dxc6 Bxc6 12. Nd5 Bxd5 13. Qxd5 Nd7 14. Bh3 Rb8 15. Bf5 Nh6 16. Nh4 Bf8 17. Qd2 Qe7 18. Ng2 Nxf5 19. exf5 h5 20. h4 g4 21. Rad1 Qh7 22. Qd3 Nc5 23. Bxc5 bxc5 24. b3 Rd8 25. Qe4 Qd7 26. Nf4 Be7 27. Ne6 Rc8 28. Rd5 Kf7 29. Rfd1 Qc6 30. Qe3 a5 31. Kh2 Rb8 32. Rg1 Rbg8 33. Rdd1 Ra8 34. Rde1 Ra7 35. Re2 Rd7 36. Rd1 Rb7 37. Rd5 Rbb8 38. Nf4 Rbd8 39. Ng6 Rh7 40. f4 gxf3 41. Qxf3 Qc8 42. Rd3 Qa8 43. Rd5 Qc6 44. Rg2 Rg8 45. Qd3 Qc7 46. Qd1 Rd8 47. g4 Qc8 48. Qf3 hxg4 49. Qxg4 Ke8 50. Nxe5 Rxh4+ 51. Qxh4 fxe5 52. Qh5+ Kd7 53. Qf7 Rh8+ 54. Kg1 Qe8 55. Qg6 Qxg6 56. fxg6 Rg8 57. Rd3 Ke6 58. Re3 Bf8 59. Kf2 Bh6 60. Rh3 Bg7 61. Ke2 Re8 62. Rh7 Rg8 63. Ke3 Kf6 64. Ke4 Ke6 65. Rg4 Kf6 66. Kf3 Kf5 67. Kg3 Kf6 68. Rh1 Ke6 69. Rf1 Bf6 70. Rf2 Rg7 71. Rh2 Kf5 72. Rh5+ Ke6 73. Rh8 Kf5 74. Rf8 Ke6 75. Ra8 Kf5 76. Rxa5 e4 77. Ra8 Be5+ 78. Kh3 e3 79. Rf8+ Ke6 80. Kg2 Bd4 81. Kf3 Ke7 82. Rf7+ Rxf7+ 83. gxf7 Kxf7 84. Re4 Be5 85. Rxe5 dxe5 86. Kxe3 Ke6 87. Ke4 Kd6 88. a4 1-0

[Event "ITA-ch U20"]
[Site "Porto San Giorgio"]
[Date "2004.08.20"]
[Round "1"]
[White "Adami, Roberto"]
[Black "Buono, Valerio"]
[Result "0-1"]
[WhiteElo "1652"]
[BlackElo "1978"]
[PlyCount "129"]
[EventDate "2004.08.20"]
[EventType "swiss"]
[EventRounds "9"]
[EventCountry "ITA"]
[SourceTitle "EXT 2005"]
[Source "ChessBase"]
[SourceDate "2004.11.15"]
[SourceVersion "1"]
[SourceVersionDate "2004.11.15"]
[SourceQuality "1"]

1. e4 e5 2. Nf3 Nc6 3. d4 exd4 4. Bc4 Bb4+ 5. c3 dxc3 6. bxc3 Bc5 7. Bxf7+ Kxf7 8. Qd5+ Ke8 9. Qxc5 Qe7 10. Qe3 Nf6 11. Nbd2 d6 12. 0-0 Ne5 13. Re1 Nfg4 14. Qe2 Rf8 15. h3 Nxf3+ 16. Nxf3 Ne5 17. Nd4 c5 18. Nc2 Ng6 19. Qh5 Qf6 20. Be3 Kf7 21. c4 Kg8 22. Rad1 Ne5 23. Qe2 Qe6 24. Rd5 b6 25. Red1 Nf7 26. f3 Bb7 27. R5d2 Rad8 28. Na3 a6 29. Rb1 b5 30. cxb5 axb5 31. Nxb5 Qc8 32. Qf2 Qc6 33. Nc3 Qc7 34. Nd5 Bxd5 35. Rxd5 Rb8 36. Rxb8 Rxb8 37. Kh2 Re8 38. Qd2 h6 39. g3 Ne5 40. Kg2 Qf7 41. Qe2 Qe6 42. Bf4 Nf7 43. Qd2 Rd8 44. g4 Qe7 45. Bg3 g5 46. Qb2 Rd7 47. Qd2 Rd8 48. a4 Qc7 49. a5 c4 50. Qc3 Rb8 51. Rd2 Rb3 52. Qc1 c3 53. Ra2 Qb8 54. Ra1 Rb2+ 55. Bf2 Qa7 56. Qe1 Ne5 57. Kg3 Qc7 58. Bd4 Rb3 59. Bxe5 dxe5 60. a6 Qf7 61. Qe3 Rb8 62. a7 Ra8 63. Qxc3 Rxa7 64. Rxa7 Qxa7 65. Qxe5 0-1

[Event "ITA-ch U20 26th"]
[Site "Bratto"]
[Date "2003.08.28"]
[Round "8"]
[White "Buono, Valerio"]
[Black "Vignoli, Matteo"]
[Result "1/2-1/2"]
[WhiteElo "1705"]
[BlackElo "1600"]
[PlyCount "68"]
[EventDate "2003.08.21"]
[EventType "swiss"]
[EventRounds "9"]
[EventCountry "ITA"]
[SourceTitle "EXT 2007"]
[Source "ChessBase"]
[SourceDate "2006.11.23"]
[SourceVersion "1"]
[SourceVersionDate "2006.11.23"]
[SourceQuality "1"]

1. e4 e5 2. Bc4 Nf6 3. Nc3 Bc5 4. d3 d6 5. h3 Nc6 6. Nf3 h6 7. Na4 Bb6 8. Nxb6 axb6 9. a3 0-0 10. 0-0 Be6 11. Bxe6 fxe6 12. Nh2 b5 13. Bd2 Ne7 14. Ng4 c5 15. f4 exf4 16. Bxf4 e5 17. Be3 Kh7 18. Nxf6+ Rxf6 19. Rxf6 gxf6 20. Qh5 Qf8 21. Rf1 Qg7 22. Qf3 Rf8 23. c3 b6 24. d4 Rg8 25. Rf2 Qg3 26. dxc5 bxc5 27. Qxg3 Rxg3 28. Rxf6 Rxe3 29. Rf7+ Kg6 30. Rxe7 Rxe4 31. Re6+ Kg5 32. Rxd6 Re2 33. Rd5 Kf4 34. Rxc5 Rxb2 1/2-1/2

[Event "ITA-ch U20 26th"]
[Site "Bratto"]
[Date "2003.08.25"]
[Round "5"]
[White "Bonagura, Stefano"]
[Black "Buono, Valerio"]
[Result "0-1"]
[WhiteElo "1579"]
[BlackElo "1705"]
[PlyCount "64"]
[EventDate "2003.08.21"]
[EventType "swiss"]
[EventRounds "9"]
[EventCountry "ITA"]
[SourceTitle "EXT 2007"]
[Source "ChessBase"]
[SourceDate "2006.11.23"]
[SourceVersion "1"]
[SourceVersionDate "2006.11.23"]
[SourceQuality "1"]

1. d4 d5 2. c4 e6 3. Nc3 Nf6 4. Bg5 Be7 5. Nf3 0-0 6. e3 b6 7. Rc1 a6 8. cxd5 exd5 9. Bd3 Bb7 10. 0-0 Nbd7 11. Bxf6 Nxf6 12. Ne5 c5 13. f4 Rc8 14. Ne2 Ne4 15. Rf3 f6 16. Ng4 Qd7 17. f5 Ng5 18. Rf1 Rfd8 19. Nf4 cxd4 20. exd4 Bd6 21. Nh5 Rf8 22. Qb3 b5 23. h4 Qf7 24. Nhxf6+ Kh8 25. hxg5 gxf6 26. g6 Qg7 27. Rf3 Rxc1+ 28. Kf2 Rh1 29. Re3 hxg6 30. fxg6 f5 31. Bxb5 fxg4+ 32. Ke2 axb5 0-1

[Event "ITA-ch U20 26th"]
[Site "Bratto"]
[Date "2003.08.24"]
[Round "4"]
[White "Buono, Valerio"]
[Black "Trazzi, Enrico"]
[Result "1-0"]
[WhiteElo "1705"]
[BlackElo "1600"]
[PlyCount "43"]
[EventDate "2003.08.21"]
[EventType "swiss"]
[EventRounds "9"]
[EventCountry "ITA"]
[SourceTitle "EXT 2007"]
[Source "ChessBase"]
[SourceDate "2006.11.23"]
[SourceVersion "1"]
[SourceVersionDate "2006.11.23"]
[SourceQuality "1"]

1. e4 g6 2. d4 Bg7 3. Nc3 d6 4. Nf3 Bg4 5. Be3 c6 6. h3 Bxf3 7. Qxf3 Nd7 8. Bc4 e6 9. Qe2 Ne7 10. Bb3 0-0 11. f4 d5 12. g4 c5 13. exd5 cxd4 14. dxe6 dxc3 15. exd7 Qxd7 16. Rd1 Qc6 17. 0-0 cxb2 18. Qf2 Nc8 19. f5 gxf5 20. gxf5 Qf6 21. Bd4 Qh6 22. Qg3 1-0

[Event "ITA-ch U20 26th"]
[Site "Bratto"]
[Date "2003.08.23"]
[Round "3"]
[White "Ferro, Mario"]
[Black "Buono, Valerio"]
[Result "1-0"]
[WhiteElo "2190"]
[BlackElo "1705"]
[PlyCount "91"]
[EventDate "2003.08.21"]
[EventType "swiss"]
[EventRounds "9"]
[EventCountry "ITA"]
[SourceTitle "EXT 2007"]
[Source "ChessBase"]
[SourceDate "2006.11.23"]
[SourceVersion "1"]
[SourceVersionDate "2006.11.23"]
[SourceQuality "1"]

1. d4 d5 2. c4 e6 3. cxd5 exd5 4. Nc3 Nf6 5. Bg5 Be7 6. Nf3 Nbd7 7. e3 c6 8. Bd3 h6 9. Bh4 b6 10. 0-0 Bb7 11. Bg3 0-0 12. Rc1 Rc8 13. Qe2 Nh5 14. Ba6 Nxg3 15. hxg3 Rc7 16. Bxb7 Rxb7 17. Qa6 Qb8 18. Rc2 Rc8 19. Rfc1 Rbc7 20. Qa4 Bd6 21. b4 b5 22. Qb3 Nb6 23. e4 Qb7 24. e5 Bf8 25. Ne2 Nc4 26. Nf4 Re8 27. Re2 Rce7 28. Rce1 Qd7 29. e6 Qc8 30. exf7+ Kxf7 31. Ne5+ Nxe5 32. dxe5 Kg8 33. Qc2 Qc7 34. e6 Qd6 35. a3 a6 36. Qf5 Rc7 37. Nh5 Qd8 38. Re3 Qg5 39. g4 Rce7 40. f4 Qxf5 41. gxf5 Ra8 42. f6 gxf6 43. Nxf6+ Kg7 44. Nd7 Kg6 45. f5+ Kh7 46. f6 1-0

[Event "ITA-ch U20 26th"]
[Site "Bratto"]
[Date "2003.08.22"]
[Round "2"]
[White "Buono, Valerio"]
[Black "Sautto, Daniele"]
[Result "0-1"]
[WhiteElo "1705"]
[BlackElo "2130"]
[PlyCount "74"]
[EventDate "2003.08.21"]
[EventType "swiss"]
[EventRounds "9"]
[EventCountry "ITA"]
[SourceTitle "EXT 2007"]
[Source "ChessBase"]
[SourceDate "2006.11.23"]
[SourceVersion "1"]
[SourceVersionDate "2006.11.23"]
[SourceQuality "1"]

1. e4 c5 2. Nf3 e6 3. d4 cxd4 4. Nxd4 Nf6 5. Bd3 Nc6 6. c3 Qc7 7. f4 Nxd4 8. cxd4 Bb4+ 9. Bd2 Qb6 10. d5 Qe3+ 11. Qe2 Bxd2+ 12. Nxd2 Qxf4 13. g3 Qc7 14. Nb3 0-0 15. dxe6 dxe6 16. 0-0 Qe5 17. Rac1 b6 18. Rc2 Bb7 19. Re1 Rac8 20. Rd2 Rfd8 21. Bb1 h6 22. Rxd8+ Rxd8 23. Qf2 Bc6 24. Qf4 Qxf4 25. gxf4 a5 26. e5 Nh5 27. Rc1 Ba8 28. f5 exf5 29. Bxf5 g6 30. Bg4 Nf4 31. Rf1 g5 32. h4 a4 33. Na1 Rd2 34. Rf2 Rxf2 35. Kxf2 Nd3+ 36. Ke3 Nxe5 37. Bd1 Nc4+ 0-1

[Event "ITA-ch U20 26th"]
[Site "Bratto"]
[Date "2003.08.21"]
[Round "1"]
[White "Lain, Luigi"]
[Black "Buono, Valerio"]
[Result "0-1"]
[WhiteElo "2261"]
[BlackElo "1705"]
[PlyCount "36"]
[EventDate "2003.08.21"]
[EventType "swiss"]
[EventRounds "9"]
[EventCountry "ITA"]
[SourceTitle "EXT 2007"]
[Source "ChessBase"]
[SourceDate "2006.11.23"]
[SourceVersion "1"]
[SourceVersionDate "2006.11.23"]
[SourceQuality "1"]

1. d4 d5 2. c4 e6 3. Nc3 Nf6 4. Bg5 Be7 5. e3 Nbd7 6. Nf3 h6 7. Bf4 a6 8. Qc2 b6 9. cxd5 exd5 10. Nb5 axb5 11. Bxc7 Bb4+ 12. Kd1 Qe7 13. Qc6 Ra7 14. Bxb6 Bb7 15. Qc7 Bd6 16. Qc2 Nxb6 17. Bxb5+ Nbd7 18. Nh4 Qe4 0-1